000 00310nam a22001337a 4500
999 _c12262
_d12262
020 _a978-0393929720
082 _a519.5
100 _aDavid Freedman,Robert Pisani and Roger Purves
245 _aStatistics
250 _a4th
260 _aIndia
_bVIVA Books
_c2015
300 _a576 pages
_bIndex
942 _cBK